Czy te filmy były oparte na książkach? #2 - Statystyki

Ogólne statystyki
  • Ten quiz został rozwiązany 33 razy
  • Średni wynik to 11 z 15
Statystyki odpowiedzi
Zagadnienie Odpowiedź % Poprawnych
Avatar Nie
100%
Matrix Nie
88%
Diuna Oparte na książce
88%
Rocky Nie
85%
Kod da Vinci Oparte na książce
85%
Przeminęło z wiatrem Bazuje na książce
82%
Lśnienie Oparte na książce
82%
Pewnego razu... w Hollywood Nie
79%
Pogromcy duchów Nie
70%
Pamiętnik Oparte na książce
67%
Podziemny krąg Oparte na książce
64%
E.T. Nie
61%
Życie Pi Bazuje na książce
52%
Thelma i Louise Nie
45%
Kolor purpury Oparte na książce
45%
Nie znaleziono quizów pasujących do podanych kryteriów
Rozkład punktacji
Procent ludzi z każdym wynikiem
Percentyl według liczby udzielonych odpowiedzi
Twoja historia wyników
Nie rozwiązałeś tego quizu